| 000 | 00926nam a2200229 a 4500 | ||
|---|---|---|---|
| 008 | 081027s1996 ||||||||||||||||| || u | ||
| 050 | _aIBRD(08)TP/314 | ||
| 100 | _aValdes, Alberto | ||
| 245 | 1 | 0 |
_aSurveillance of agricultural price and trade policies: a handbook for Ecuador _cAlberto Valdes; Barry Schaeffer; Hugo Ramos |
| 260 |
_aWashington, D. C. _bWorld Bank _c1996 |
||
| 300 | _aviii, 74p. :ill. | ||
| 350 | _a0.00 | ||
| 490 | _aWorld Bank Technical Papers | ||
| 650 | _aFARM PRODUCE--ECUADOR--STATISTICS | ||
| 650 | _aAGRICULTURE | ||
| 650 | _aAGRICULTURAL PRICES--GOVERNMENT POLICY--ECUADOR--STATISTICS | ||
| 650 | _aPRODUCE TRADE--ECUADOR--STATISTICS | ||
| 700 | _aSchaeffer, Barry | ||
| 700 | _aRamos, Hugo | ||
| 710 | _aWorld Bank | ||
| 995 |
_D0.00 _FCBU-MAIN LIBRARY (Kitwe) _H1 _I0.00 _M1 _UAVAILABLE _WOct 27, 2008 _ZInternational Publications |
||
| 999 |
_c59148 _d59148 |
||